EA FC24 All FC Pro - Statistics

General Stats
  • This quiz has been taken 17 times
  • The average score is 7 of 21
Answer Stats
Rate Club Nation Answer % Correct
89 Al Nassr Senegal Sadio Mane
93%
89 Fulham Brazil Willian
64%
87 PSV Mexico Hirving Lozano
57%
88 Al Hilal Senegal Kalidou Koulibaly
57%
86 Liverpool Portugal Diogo Jota
43%
88 Al Ittihad Brazil Fabinho
43%
87 Leipzig France Mohamed Simakan
43%
87 Marseille Brazil Renan Lodi
43%
88 West Ham Italy Angelo Ogbonna
36%
87 Dortmund Netherlands Donyell Malen
36%
88 Udinese France Florian Thauvin
29%
86 Man City England Kalvin Phillips
29%
88 PSG France Randal Kolo Muani
29%
88 Ajax Netherlands Branco van den Boomen
21%
86 Hellas Verona Sweden Isak Hien
21%
88 Juventus Italy Manuel Locatelli
21%
86 Torino France Yann Karamoh
21%
88 Everton England Dele Alli
14%
86 Lille Portugal Ivan Cavaleiro
14%
84 Toulouse France Denis Genreau
7%
86 Lorient France Jean-Victor Makengo
7%
No matching quizzes found
Score Distribution
Percent of People with Each Score
Percentile by Number Answered
Your Score History
You have not taken this quiz